000 00348cam a22001337a 4500
008 180718b1946 xxu||||| |||| 00| 0 eng d
082 _aF5x54 M927
100 _aMunshi, K.M.
245 _aChanging shape of Indian politics
_cby K.M. Munshi
250 _a2nd ed.
260 _aPoona
_bDeshmukh
_c1946
300 _a227p.
650 _aIndia - Politics
999 _c374846
_d374846